[Event "Doeberl Cup 58th"]
[Site "Canberra"]
[Date "2021.04.01"]
[Round "1"]
[White "Charles, Gareth"]
[Black "Melkumyan, Hrant"]
[Result "0-1"]
[WhiteElo "2043"]
[BlackElo "2663"]
[PlyCount "108"]
[EventDate "2021.04.01"]
[EventType "swiss"]
[EventRounds "9"]
[EventCountry "AUS"]
[SourceTitle "EXT 2023"]
[Source "ChessBase"]
[SourceDate "2022.10.05"]
[SourceVersion "1"]
[SourceVersionDate "2022.10.05"]
[SourceQuality "1"]

1. d4 Nf6 2. c4 g6 3. Nc3 Bg7 4. e4 d6 5. Nf3 0-0 6. Be2 c5 7. 0-0 Re8 8. d5 e6 9. Bg5 exd5 10. exd5 Bf5 11. h3 Qb6 12. g4 Qxb2 13. gxf5 Qxc3 14. Rb1 Nbd7 15. fxg6 hxg6 16. Rxb7 Ne5 17. Qb3 Ne4 18. Bf4 Nxf3+ 19. Bxf3 Qf6 20. Bc1 a5 21. Bg2 a4 22. Qd3 Nc3 23. Bb2 a3 24. Bxc3 Qxc3 25. Be4 Qe5 26. Bf3 Qf4 27. Bg2 Ra4 28. Qf3 Qxf3 29. Bxf3 Rxc4 30. Bd1 Rc3 31. Rb6 Be5 32. Rb3 c4 33. Rxc3 Bxc3 34. Ba4 Re2 35. Rc1 Bd4 36. Rc2 Re1+ 37. Kg2 c3 38. Kf3 Kg7 39. Re2 Rh1 40. Kg2 Rb1 41. Kf3 Kf6 42. Ke4 Rb4 43. Bd1 Bxf2+ 44. Kd3 Bc5 45. Kxc3 Rh4 46. Rh2 Ke5 47. Rh1 f5 48. Bf3 Kf4 49. Bg2 Kg3 50. Bf1 Kf2 51. Kc2 Rb4 52. Kc3 Rb1 53. Bg2 Rb2 54. Bf1 Ke3 0-1

[Event "North Queensland op"]
[Site "Townsville"]
[Date "2017.08.05"]
[Round "2"]
[White "Charles, Gareth"]
[Black "Ghodosi, Hossein"]
[Result "1-0"]
[WhiteElo "2085"]
[BlackElo "1778"]
[PlyCount "85"]
[EventDate "2017.08.05"]
[EventType "swiss"]
[EventRounds "6"]
[EventCountry "AUS"]
[SourceTitle "CBM 180 Extra"]
[Source "ChessBase"]
[SourceDate "2017.10.06"]
[SourceVersion "1"]
[SourceVersionDate "2017.10.06"]
[SourceQuality "1"]

1. e4 e6 2. d4 d5 3. Nd2 dxe4 4. Nxe4 Nf6 5. Nxf6+ Qxf6 6. Nf3 h6 7. Bd3 Nc6 8. Be3 Bd6 9. Qe2 Nb4 10. Be4 c6 11. c4 0-0 12. 0-0 Re8 13. Bd2 Na6 14. Bc3 Bb4 15. Bxb4 Nxb4 16. Qe3 Bd7 17. Qb3 a5 18. a3 Na6 19. Qxb7 Red8 20. Bxc6 Bxc6 21. Qxc6 Rdc8 22. Qa4 Nc7 23. Ne5 Ne8 24. Rad1 Nd6 25. c5 Ne4 26. Nd7 Qh4 27. Nb6 Rcb8 28. Nxa8 Rxb2 29. Qe8+ Kh7 30. Qxf7 Ng5 31. Qc7 Rb3 32. Rfe1 Qg4 33. Kh1 Nh3 34. gxh3 Rxh3 35. Qg3 Rxg3 36. hxg3 Qf3+ 37. Kg1 Qxa8 38. Rxe6 Qf3 39. Ree1 Qxa3 40. d5 Qxc5 41. d6 Qc8 42. d7 Qd8 43. Re8 1-0

[Event "North Queensland op"]
[Site "Townsville"]
[Date "2017.08.05"]
[Round "1"]
[White "Hellmann, Oscar"]
[Black "Charles, Gareth"]
[Result "0-1"]
[WhiteElo "1529"]
[BlackElo "2085"]
[PlyCount "36"]
[EventDate "2017.08.05"]
[EventType "swiss"]
[EventRounds "6"]
[EventCountry "AUS"]
[SourceTitle "CBM 180 Extra"]
[Source "ChessBase"]
[SourceDate "2017.10.06"]
[SourceVersion "1"]
[SourceVersionDate "2017.10.06"]
[SourceQuality "1"]

1. d4 Nf6 2. e3 g6 3. Nf3 Bg7 4. Bd3 d6 5. h3 0-0 6. 0-0 Nc6 7. c3 e5 8. Qc2 Re8 9. dxe5 Nxe5 10. Nxe5 dxe5 11. e4 Be6 12. Bg5 h6 13. Be3 Nh5 14. Na3 Nf4 15. Bxf4 exf4 16. Rad1 Qg5 17. Be2 Bxh3 18. Bf3 Bxg2 0-1

[Event "AUS-ch"]
[Site "Melbourne"]
[Date "2014.01.05"]
[Round "6"]
[White "Nemeth, John"]
[Black "Charles, Gareth"]
[Result "0-1"]
[WhiteElo "2115"]
[BlackElo "2150"]
[PlyCount "108"]
[EventDate "2014.01.02"]
[EventType "swiss"]
[EventRounds "11"]
[EventCountry "AUS"]
[SourceTitle "CBM 158 Extra"]
[Source "ChessBase"]
[SourceDate "2014.02.28"]
[SourceVersion "1"]
[SourceVersionDate "2014.02.28"]
[SourceQuality "1"]

1. c4 c6 2. g3 e5 3. Bg2 Nf6 4. d3 d5 5. cxd5 cxd5 6. Nf3 Nc6 7. 0-0 Bd6 8. Bg5 0-0 9. Nc3 Be6 10. Nd2 Be7 11. a3 d4 12. Bxf6 Bxf6 13. Nce4 Be7 14. Rc1 Bd5 15. Nf3 f5 16. Nc5 Rc8 17. b4 b6 18. Nb3 Bf6 19. b5 Ne7 20. Rxc8 Qxc8 21. Qb1 Qe6 22. Nfd2 Bxg2 23. Kxg2 Nd5 24. Rc1 Nc3 25. Qb2 Qd5+ 26. f3 Nxe2 27. Rc7 Nc3 28. Rxa7 Nxb5 29. Ra6 Qb7 30. Ra4 Nc3 31. Rb4 Be7 32. Rc4 Nd1 33. Qc1 Ne3+ 34. Kf2 Nxc4 35. Qxc4+ Kh8 36. a4 e4 37. dxe4 fxe4 38. Nxd4 Bc5 39. f4 Rd8 40. N2b3 Bxd4+ 41. Nxd4 Qd5 42. Qxd5 Rxd5 43. Ke3 Ra5 44. Kxe4 Rxa4 45. Kd5 Ra2 46. g4 Rxh2 47. g5 h5 48. Ke4 h4 49. Nf3 Rh1 50. Kf5 b5 51. Ne5 b4 52. Kg6 Kg8 53. Nc6 b3 54. Ne7+ Kf8 0-1

[Event "Sydney op-A"]
[Site "Parramatta"]
[Date "2013.04.07"]
[Round "9"]
[White "Charles, Gareth"]
[Black "Varga, Zoltan"]
[Result "0-1"]
[WhiteElo "2156"]
[BlackElo "2472"]
[PlyCount "144"]
[EventDate "2013.04.03"]
[EventType "swiss"]
[EventRounds "9"]
[EventCountry "AUS"]
[SourceTitle "EXT 2023"]
[Source "ChessBase"]
[SourceDate "2022.10.05"]
[SourceVersion "1"]
[SourceVersionDate "2022.10.05"]
[SourceQuality "1"]

1. d4 d5 2. Nf3 c6 3. Nbd2 Bf5 4. g3 h6 5. Bg2 Nf6 6. 0-0 e6 7. c4 Be7 8. b3 0-0 9. Bb2 a5 10. a3 Nbd7 11. Ne5 Nxe5 12. dxe5 Nd7 13. cxd5 exd5 14. e4 dxe4 15. Nxe4 Qc7 16. Qd4 Be6 17. Qc3 Rfd8 18. Nd6 Nxe5 19. Nb5 Qb6 20. Qxe5 Bf6 21. Qc7 Qxb5 22. Bxf6 gxf6 23. Qf4 Qg5 24. Qf3 Rd4 25. h4 Qg6 26. h5 Qg5 27. Qc3 Rad8 28. f4 Qxh5 29. f5 Rd3 30. Qxf6 Bxb3 31. Rae1 Rf8 32. g4 Qg5 33. Qe5 Bd5 34. Re2 f6 35. Bxd5+ cxd5 36. Qe6+ Rf7 37. Rfe1 Rg3+ 38. Kh1 Qh4+ 39. Rh2 Qxg4 40. Qxd5 Kg7 41. Qe4 Qxe4+ 42. Rxe4 Rd7 43. Rhe2 Rxa3 44. Re7+ Rxe7 45. Rxe7+ Kf8 46. Rxb7 Rf3 47. Rb5 a4 48. Ra5 a3 49. Kg2 Rb3 50. Ra7 h5 51. Rh7 Kg8 52. Ra7 h4 53. Kh2 h3 54. Rc7 Rf3 55. Ra7 Kf8 56. Kh1 Ke8 57. Kh2 Kd8 58. Ra6 Ke7 59. Re6+ Kf7 60. Ra6 Kg7 61. Kh1 Kh6 62. Rxf6+ Kg5 63. Ra6 Kxf5 64. Ra4 Ke5 65. Kh2 Kd5 66. Ra8 Kc4 67. Rc8+ Kb3 68. Rb8+ Kc2 69. Rc8+ Kb2 70. Rb8+ Ka1 71. Rc8 a2 72. Rc7 Rb3 0-1

[Event "Sydney op-A"]
[Site "Parramatta"]
[Date "2013.04.04"]
[Round "4"]
[White "Charles, Gareth"]
[Black "Solomon, Stephen J"]
[Result "0-1"]
[WhiteElo "2156"]
[BlackElo "2387"]
[PlyCount "94"]
[EventDate "2013.04.03"]
[EventType "swiss"]
[EventRounds "9"]
[EventCountry "AUS"]
[SourceTitle "EXT 2023"]
[Source "ChessBase"]
[SourceDate "2022.10.05"]
[SourceVersion "1"]
[SourceVersionDate "2022.10.05"]
[SourceQuality "1"]

1. d4 d5 2. c4 e6 3. Nc3 Nf6 4. cxd5 exd5 5. Bg5 Be7 6. Qc2 c6 7. e3 Nbd7 8. Bd3 Nf8 9. Nf3 Ne6 10. Bh4 g6 11. 0-0 0-0 12. Ne5 Ng7 13. f3 Bf5 14. Bf2 Bxd3 15. Nxd3 Re8 16. e4 dxe4 17. fxe4 Ne6 18. Qb3 Nxd4 19. Qxb7 Ng4 20. h3 Nxf2 21. Rxf2 Qb6 22. Qxb6 axb6 23. Raf1 f5 24. exf5 Nxf5 25. g4 Ne3 26. Rc1 Bg5 27. Re2 Rad8 28. Nf2 Nxg4 29. Rxe8+ Rxe8 30. Nxg4 Bxc1 31. Nf6+ Kf8 32. Nxe8 Bxb2 33. Nf6 Bxc3 34. Nxh7+ Ke7 35. Ng5 Bf6 36. Ne4 Ke6 37. Kf2 Bd4+ 38. Ke2 Kd5 39. Kd3 b5 40. Ng3 c5 41. Nf1 c4+ 42. Kc2 Ke4 43. Nd2+ Kf4 44. a4 bxa4 45. Nxc4 Kg3 46. Kd3 Bf6 47. Ke3 Kxh3 0-1

[Event "Sydney op-A"]
[Site "Parramatta"]
[Date "2013.04.03"]
[Round "2"]
[White "Cheng, Bobby Sky"]
[Black "Charles, Gareth"]
[Result "1-0"]
[WhiteElo "2425"]
[BlackElo "2156"]
[PlyCount "109"]
[EventDate "2013.04.03"]
[EventType "swiss"]
[EventRounds "9"]
[EventCountry "AUS"]
[SourceTitle "EXT 2023"]
[Source "ChessBase"]
[SourceDate "2022.10.05"]
[SourceVersion "1"]
[SourceVersionDate "2022.10.05"]
[SourceQuality "1"]

1. Nf3 d5 2. g3 Nf6 3. Bg2 g6 4. c4 c6 5. b3 Bg7 6. Bb2 0-0 7. 0-0 Re8 8. d4 a5 9. Nc3 Ne4 10. Rc1 f5 11. Ne5 Be6 12. Nxe4 fxe4 13. cxd5 cxd5 14. f3 exf3 15. exf3 Nd7 16. f4 Rc8 17. Rxc8 Qxc8 18. Qd2 Nxe5 19. dxe5 Qc5+ 20. Bd4 Qb5 21. Rc1 Rc8 22. Rxc8+ Bxc8 23. Bc3 e6 24. Bxa5 Bf8 25. Bc3 Bc5+ 26. Kh1 Qb6 27. Bf3 Bd7 28. Kg2 Be3 29. Ba5 Qa7 30. Qc3 Bc6 31. a4 Bd4 32. Qe1 Qc5 33. Bb4 Qb6 34. a5 Qa7 35. h4 Be3 36. Bd2 Bd4 37. b4 Qa6 38. h5 gxh5 39. Bxh5 Bb5 40. Qd1 Kh8 41. Bg4 Bd3 42. Qa4 Be4+ 43. Kh2 b5 44. Qa3 Qc8 45. Qc1 Qxc1 46. Bxc1 Bc3 47. Bxe6 d4 48. Bb3 Bxb4 49. a6 d3 50. a7 Kg7 51. f5 d2 52. f6+ Kf8 53. Bb2 Bc5 54. e6 Bxa7 55. Ba3+ 1-0

[Event "Australian op"]
[Site "Cammeray"]
[Date "2013.01.10"]
[Round "8"]
[White "Bishop, Joshua"]
[Black "Charles, Gareth"]
[Result "0-1"]
[WhiteElo "1835"]
[BlackElo "2159"]
[PlyCount "96"]
[EventDate "2013.01.02"]
[EventType "swiss"]
[EventRounds "11"]
[EventCountry "AUS"]
[SourceTitle "CBM 152 Extra"]
[Source "ChessBase"]
[SourceDate "2013.02.25"]
[SourceVersion "1"]
[SourceVersionDate "2013.02.25"]
[SourceQuality "1"]

1. e4 c5 2. c3 Nf6 3. e5 Nd5 4. d4 cxd4 5. Nf3 e6 6. cxd4 d6 7. Bd3 Nc6 8. 0-0 dxe5 9. dxe5 Ndb4 10. Be4 Qxd1 11. Rxd1 Bd7 12. a3 Na6 13. b4 Nc7 14. Nc3 Be7 15. Be3 h6 16. Rd2 0-0-0 17. Rb1 f5 18. exf6 Bxf6 19. Rc2 Bxc3 20. Rxc3 Nb5 21. Rc5 Nd6 22. Bd3 b6 23. Ba6+ Kb8 24. Bf4 bxc5 25. Bxd6+ Ka8 26. bxc5 Bc8 27. Bd3 Bb7 28. Rxb7 Kxb7 29. Be4 Rxd6 30. cxd6 Rd8 31. Ne5 Rxd6 32. Kf1 Kc7 33. Nxc6 Rxc6 34. Bxc6 Kxc6 35. Ke2 Kb5 36. Kd3 Ka4 37. Ke4 Kxa3 38. Ke5 a5 39. Kxe6 Kb4 40. Kf7 g5 41. Kg6 a4 42. Kxh6 a3 43. Kxg5 a2 44. f4 a1Q 45. g4 Qg7+ 46. Kh4 Qh6+ 47. Kg3 Kc4 48. h4 Kd4 0-1

[Event "Australian op"]
[Site "Cammeray"]
[Date "2013.01.06"]
[Round "6"]
[White "Ly, Moulthun"]
[Black "Charles, Gareth"]
[Result "1-0"]
[WhiteElo "2417"]
[BlackElo "2159"]
[PlyCount "75"]
[EventDate "2013.01.02"]
[EventType "swiss"]
[EventRounds "11"]
[EventCountry "AUS"]
[SourceTitle "CBM 152 Extra"]
[Source "ChessBase"]
[SourceDate "2013.02.25"]
[SourceVersion "1"]
[SourceVersionDate "2013.02.25"]
[SourceQuality "1"]

1. e4 c5 2. Nf3 e6 3. d4 cxd4 4. Nxd4 Nc6 5. Nc3 Qc7 6. Be3 a6 7. Bd3 b5 8. Nxc6 dxc6 9. a4 b4 10. Nb1 Nf6 11. Nd2 Be7 12. Nc4 Nd7 13. a5 Bb7 14. 0-0 0-0 15. f4 Nc5 16. Qh5 g6 17. Qh6 Rfd8 18. Rad1 Bf8 19. Qh4 f5 20. exf5 Nxd3 21. cxd3 exf5 22. Bb6 Qg7 23. Bxd8 Qd4+ 24. Kh1 Rxd8 25. Ne5 c5 26. Qf2 Qd5 27. Qc2 Qd6 28. b3 Bd5 29. Nc4 Qc7 30. Nb6 Bc6 31. d4 Bb5 32. Rf2 Bd6 33. dxc5 Bxc5 34. Nd5 Qd6 35. Rfd2 Rf8 36. Nxb4 Qe7 37. Nd5 Qa7 38. Qc3 1-0

[Event "Australian op"]
[Site "Cammeray"]
[Date "2013.01.04"]
[Round "3"]
[White "Charles, Gareth"]
[Black "Pickering, Anthony"]
[Result "1-0"]
[WhiteElo "2159"]
[BlackElo "1887"]
[PlyCount "43"]
[EventDate "2013.01.02"]
[EventType "swiss"]
[EventRounds "11"]
[EventCountry "AUS"]
[SourceTitle "CBM 152 Extra"]
[Source "ChessBase"]
[SourceDate "2013.02.25"]
[SourceVersion "1"]
[SourceVersionDate "2013.02.25"]
[SourceQuality "1"]

1. d4 e6 2. c4 Nf6 3. Nf3 b6 4. g3 Bb7 5. Bg2 c5 6. d5 exd5 7. Nh4 g6 8. 0-0 Bg7 9. Nc3 0-0 10. cxd5 d6 11. e4 Nbd7 12. f4 a6 13. Re1 Re8 14. a4 Qc7 15. h3 Re7 16. e5 Rae8 17. Nf3 Nh5 18. Ne4 Nxe5 19. Nxe5 Bxe5 20. fxe5 Rxe5 21. Bf4 Rxd5 22. Nf6+ 1-0

[Event "Queensland-ch"]
[Site "Brisbane"]
[Date "2012.09.30"]
[Round "7"]
[White "Charles, Gareth"]
[Black "Stawski, Nikolai"]
[Result "1-0"]
[WhiteElo "2158"]
[BlackElo "2019"]
[PlyCount "71"]
[EventDate "2012.09.27"]
[EventType "swiss"]
[EventRounds "9"]
[EventCountry "AUS"]
[SourceTitle "EXT 2013"]
[Source "ChessBase"]
[SourceDate "2012.11.22"]
[SourceVersion "1"]
[SourceVersionDate "2012.11.22"]
[SourceQuality "1"]

1. Nf3 f5 2. d3 Nf6 3. Nbd2 Nc6 4. e4 e5 5. exf5 d5 6. Nh4 Bc5 7. Nb3 Bb6 8. Be3 0-0 9. Qf3 Nb4 10. Qe2 d4 11. Bg5 Qd6 12. a3 Nbd5 13. Nd2 Ba5 14. Bxf6 Qxf6 15. g3 c6 16. Bg2 Nf4 17. gxf4 Bxd2+ 18. Qxd2 Qxh4 19. fxe5 Rxf5 20. Be4 Rf4 21. Rg1 Bf5 22. Bxf5 Rxf5 23. 0-0-0 Rxf2 24. Qb4 Qf4+ 25. Kb1 b6 26. Qc4+ Kh8 27. Qxc6 Qf3 28. Qd7 Qf7 29. Qxd4 Re8 30. Rde1 Rf4 31. e6 Rxd4 32. exf7 Rf8 33. Re8 Rd8 34. Rxd8 Rxd8 35. Re1 g6 36. Re8+ 1-0

[Event "Queensland-ch"]
[Site "Brisbane"]
[Date "2012.09.29"]
[Round "5"]
[White "Charles, Gareth"]
[Black "Korenevski, Oleg"]
[Result "1-0"]
[WhiteElo "2158"]
[BlackElo "1888"]
[PlyCount "59"]
[EventDate "2012.09.27"]
[EventType "swiss"]
[EventRounds "9"]
[EventCountry "AUS"]
[SourceTitle "EXT 2013"]
[Source "ChessBase"]
[SourceDate "2012.11.22"]
[SourceVersion "1"]
[SourceVersionDate "2012.11.22"]
[SourceQuality "1"]

1. d4 e6 2. Nf3 f5 3. Bg5 Be7 4. Bxe7 Qxe7 5. Nbd2 Nf6 6. e3 b6 7. Bd3 Bb7 8. c3 d6 9. Qc2 Nbd7 10. 0-0-0 0-0-0 11. e4 f4 12. e5 dxe5 13. dxe5 Ng4 14. Nc4 Bxf3 15. gxf3 Ngxe5 16. Nxe5 Nxe5 17. Ba6+ Kb8 18. Qe4 Rd5 19. c4 Qc5 20. Rxd5 exd5 21. Qxe5 Qa5 22. Bb5 dxc4 23. Re1 c3 24. Bc6 cxb2+ 25. Kb1 Qxe5 26. Rxe5 g6 27. Kxb2 a6 28. Re7 g5 29. Kc3 b5 30. Kb4 1-0

[Event "Queensland-ch"]
[Site "Brisbane"]
[Date "2012.09.29"]
[Round "4"]
[White "Solomon, Stephen J"]
[Black "Charles, Gareth"]
[Result "1-0"]
[WhiteElo "2378"]
[BlackElo "2158"]
[PlyCount "89"]
[EventDate "2012.09.27"]
[EventType "swiss"]
[EventRounds "9"]
[EventCountry "AUS"]
[SourceTitle "EXT 2013"]
[Source "ChessBase"]
[SourceDate "2012.11.22"]
[SourceVersion "1"]
[SourceVersionDate "2012.11.22"]
[SourceQuality "1"]

1. e4 c5 2. Nf3 e6 3. d4 cxd4 4. Nxd4 Nc6 5. Nc3 Qc7 6. Be2 a6 7. 0-0 Nf6 8. Be3 Bb4 9. Na4 0-0 10. c4 Be7 11. Nc3 Ne5 12. Rc1 Ng6 13. f4 d6 14. Qe1 Re8 15. Qf2 Bf8 16. Nb3 Bd7 17. Bb6 Qb8 18. g3 Bc6 19. Bf3 Nd7 20. Be3 b6 21. Nd4 Bb7 22. h4 e5 23. Nf5 exf4 24. gxf4 d5 25. cxd5 Nxf4 26. Qg3 Ng6 27. Qg2 Kh8 28. h5 Nge5 29. Be2 g6 30. hxg6 fxg6 31. Nh6 Bg7 32. Bg4 Rf8 33. Bxd7 Nxd7 34. Nf7+ Kg8 35. Ng5 Rxf1+ 36. Rxf1 Ne5 37. Qh3 h6 38. Ne6 Nf7 39. Nxg7 Kxg7 40. Rxf7+ Kxf7 41. Qe6+ Kg7 42. Bd4+ Kf8 43. Qf6+ Ke8 44. Qxg6+ Kd7 45. Qe6+ 1-0

[Event "Sydney op"]
[Site "Parramatta"]
[Date "2010.04.09"]
[Round "6"]
[White "Charles, Gareth"]
[Black "Barua, Dibyendu"]
[Result "1/2-1/2"]
[WhiteElo "2148"]
[BlackElo "2479"]
[PlyCount "97"]
[EventDate "2010.04.07"]
[EventType "swiss"]
[EventRounds "9"]
[EventCountry "AUS"]
[SourceTitle "CBM 135 Extra"]
[Source "ChessBase"]
[SourceDate "2010.05.04"]
[SourceVersion "1"]
[SourceVersionDate "2010.05.04"]
[SourceQuality "1"]

1. d4 d5 2. c4 e6 3. Nf3 c6 4. Qc2 f5 5. Nc3 Nf6 6. Bg5 Be7 7. e3 0-0 8. Bd3 Ne4 9. Bxe7 Qxe7 10. Ne5 Nd7 11. Nxd7 Bxd7 12. 0-0 Be8 13. f3 Nf6 14. Rae1 Bg6 15. cxd5 cxd5 16. Qd2 Rfd8 17. Rc1 Rac8 18. Ne2 Be8 19. Rxc8 Rxc8 20. Rc1 Rxc1+ 21. Qxc1 b6 22. Qc3 Kf7 23. Ba6 g5 24. Nc1 g4 25. Nd3 gxf3 26. Ne5+ Kf8 27. gxf3 f4 28. exf4 Nh5 29. Qe3 Qf6 30. f5 exf5 31. Nd3 f4 32. Qe5 Qxe5 33. Nxe5 Ke7 34. Bc8 Kf6 35. Nd3 a5 36. Kf2 Bb5 37. Ne5 Ng7 38. Bd7 Bxd7 39. Nxd7+ Ke6 40. Nxb6 Nf5 41. Na4 Nxd4 42. Nc5+ Ke5 43. b4 axb4 44. Nd3+ Kd6 45. Nxb4 Ne6 46. Nd3 Kc6 47. Ke2 Nd4+ 48. Kf2 Ne6 49. Ke2 1/2-1/2

[Event "Sydney op"]
[Site "Parramatta"]
[Date "2010.04.09"]
[Round "5"]
[White "Teichmann, Erik Oskar Michael"]
[Black "Charles, Gareth"]
[Result "1/2-1/2"]
[WhiteElo "2325"]
[BlackElo "2148"]
[PlyCount "119"]
[EventDate "2010.04.07"]
[EventType "swiss"]
[EventRounds "9"]
[EventCountry "AUS"]
[SourceTitle "CBM 135 Extra"]
[Source "ChessBase"]
[SourceDate "2010.05.04"]
[SourceVersion "1"]
[SourceVersionDate "2010.05.04"]
[SourceQuality "1"]

1. b4 e5 2. Bb2 Bxb4 3. Bxe5 Nf6 4. Nf3 d5 5. e3 0-0 6. Be2 c5 7. 0-0 Nc6 8. Bf4 h6 9. h3 Bf5 10. d3 Re8 11. Qc1 Qd7 12. c4 dxc4 13. Qxc4 Nd5 14. Bg3 Nb6 15. Qb3 Na5 16. Qd1 c4 17. Nd4 Bxd3 18. Bxd3 cxd3 19. Qxd3 Nc6 20. Nd2 Nxd4 21. exd4 Bxd2 22. Qxd2 Re4 23. Rad1 Rd8 24. Qa5 Rxd4 25. Rxd4 Qxd4 26. Qxa7 Ra8 27. Qxb7 Rxa2 28. Qb8+ Kh7 29. Kh2 Rd2 30. Re1 Nd7 31. Qe8 f5 32. Qe6 Qd5 33. Qe3 Nf6 34. Bf4 Rd3 35. Qc1 Qd7 36. Be5 Ne4 37. f3 Ng5 38. Qf4 Qf7 39. Bb2 Rd7 40. Ba3 Qg6 41. Re5 Rf7 42. Re8 Qc6 43. Qe5 Qa4 44. Bd6 Qc2 45. Qd5 Qa4 46. Rc8 Qd7 47. Rc7 Qe8 48. Rc5 Qe6 49. f4 Qxd5 50. Rxd5 Ne4 51. Be5 Ra7 52. g4 fxg4 53. hxg4 Nf6 54. Bxf6 gxf6 55. Kg3 Ra1 56. Rd7+ Kg8 57. Re7 Rg1+ 58. Kh3 Rf1 59. f5 h5 60. gxh5 1/2-1/2

[Event "AUS-ch"]
[Site "Sydney"]
[Date "2010.01.11"]
[Round "9"]
[White "Charles, Gareth"]
[Black "Atzmon Simon, Barak"]
[Result "1-0"]
[WhiteElo "2175"]
[BlackElo "2182"]
[PlyCount "147"]
[EventDate "2010.01.02"]
[EventType "swiss"]
[EventRounds "11"]
[EventCountry "AUS"]
[SourceTitle "CBM 134 Extra"]
[Source "ChessBase"]
[SourceDate "2010.03.03"]
[SourceVersion "1"]
[SourceVersionDate "2010.03.03"]
[SourceQuality "1"]

1. d4 d5 2. c4 c6 3. Nf3 Nf6 4. Nc3 g6 5. cxd5 cxd5 6. Bf4 Nc6 7. e3 Bg7 8. Bd3 0-0 9. a3 a6 10. 0-0 h6 11. h3 Re8 12. Ne5 Be6 13. Nxc6 bxc6 14. Na4 Ra7 15. Rc1 Bd7 16. Qc2 Nh5 17. Bh2 e5 18. dxe5 Bxe5 19. Bxe5 Rxe5 20. Qc5 Qc7 21. Nb6 Be8 22. Nc8 Ra8 23. Nb6 Ra7 24. Qd4 Qb8 25. Na4 Ree7 26. Nc5 a5 27. Bc2 Ng7 28. Ba4 Nf5 29. Qd2 Nd6 30. b3 Nb5 31. Bxb5 Qxb5 32. Rc3 Qb8 33. Rfc1 Qd6 34. Rd3 Qb8 35. Rd4 Qb6 36. e4 Kh7 37. f3 dxe4 38. fxe4 Re5 39. Qc3 Rae7 40. Kh1 Qb5 41. Ra4 Rg5 42. Rxa5 Qe2 43. Rc2 Qd1+ 44. Kh2 Qd6+ 45. g3 f5 46. e5 Qxe5 47. Ra7 f4 48. Qxe5 Rgxe5 49. Rxe7+ Rxe7 50. gxf4 Bf7 51. a4 Re3 52. Rb2 Rc3 53. b4 Rc1 54. a5 Bc4 55. Rd2 Kg7 56. Kg3 Ra1 57. Rd6 Ra3+ 58. Kf2 Bb5 59. Ne6+ Kf7 60. Nd4 Rc3 61. Nxb5 cxb5 62. Rb6 Rxh3 63. Rxb5 Ra3 64. Rb6 h5 65. a6 h4 66. Kg2 Ke7 67. b5 Ra5 68. Rxg6 Rxb5 69. a7 Ra5 70. Rg8 Ra2+ 71. Kh3 Ra3+ 72. Kxh4 Rxa7 73. Rg7+ Kf6 74. Rxa7 1-0

[Event "AUS-ch"]
[Site "Sydney"]
[Date "2010.01.04"]
[Round "3"]
[White "Pyke, Malcolm"]
[Black "Charles, Gareth"]
[Result "1-0"]
[WhiteElo "2164"]
[BlackElo "2175"]
[PlyCount "45"]
[EventDate "2010.01.02"]
[EventType "swiss"]
[EventRounds "11"]
[EventCountry "AUS"]
[SourceTitle "CBM 134 Extra"]
[Source "ChessBase"]
[SourceDate "2010.03.03"]
[SourceVersion "1"]
[SourceVersionDate "2010.03.03"]
[SourceQuality "1"]

1. d4 Nf6 2. c4 g6 3. Nf3 Bg7 4. g3 0-0 5. Bg2 d5 6. cxd5 Nxd5 7. 0-0 c5 8. dxc5 Na6 9. c6 bxc6 10. e4 Ndb4 11. Nc3 Nd3 12. Qe2 Nxc1 13. Raxc1 Qa5 14. Rfd1 Nc5 15. Nd4 Ba6 16. Qe3 Rac8 17. e5 Bb7 18. a3 Qb6 19. b4 Na6 20. Na4 Qc7 21. Nxc6 Bxc6 22. Rxc6 Qb7 23. Rb6 1-0

[Event "Sydney op-A"]
[Site "Parramatta"]
[Date "2009.04.17"]
[Round "6"]
[White "Mahmud, Syarif"]
[Black "Charles, Gareth"]
[Result "1/2-1/2"]
[WhiteElo "2373"]
[BlackElo "2160"]
[PlyCount "71"]
[EventDate "2009.04.15"]
[EventType "swiss"]
[EventRounds "9"]
[EventCountry "AUS"]
[SourceTitle "CBM 129 Extra"]
[Source "ChessBase"]
[SourceDate "2009.05.05"]
[SourceVersion "2"]
[SourceVersionDate "2009.05.20"]
[SourceQuality "1"]

1. d4 d5 2. Nf3 Nf6 3. c4 dxc4 4. Nc3 a6 5. a4 Nc6 6. e4 Na5 7. Ne5 c5 8. d5 e6 9. Nxc4 Nxc4 10. Bxc4 exd5 11. Nxd5 Be7 12. 0-0 0-0 13. Re1 Be6 14. b3 Bxd5 15. exd5 Ne8 16. Ra2 Nd6 17. Rae2 Bf6 18. Qc2 Rc8 19. Bf4 Qd7 20. Bd3 g6 21. g3 b5 22. Bxd6 Qxd6 23. axb5 axb5 24. Bxb5 Qxd5 25. Bc4 Qc6 26. Qd2 Kg7 27. Qf4 Rce8 28. h4 h5 29. Kh2 Rxe2 30. Rxe2 Re8 31. Rd2 Re4 32. Qb8 Be5 33. Qd8 Rd4 34. Rxd4 Bxd4 35. Bd5 Qf6 36. Qxf6+ 1/2-1/2

[Event "AUS-ch"]
[Site "Parramatta"]
[Date "2008.01.07"]
[Round "7"]
[White "Wei, Michael"]
[Black "Charles, Gareth"]
[Result "0-1"]
[WhiteElo "2139"]
[BlackElo "2180"]
[PlyCount "52"]
[EventDate "2008.01.02"]
[EventType "swiss"]
[EventRounds "11"]
[EventCountry "AUS"]
[SourceTitle "CBM 122 Extra"]
[Source "ChessBase"]
[SourceDate "2008.03.04"]
[SourceVersion "1"]
[SourceVersionDate "2008.03.04"]
[SourceQuality "1"]

1. d4 d5 2. Nf3 Nf6 3. c4 dxc4 4. e3 e6 5. Bxc4 c5 6. 0-0 a6 7. Qe2 b5 8. Bb3 Bb7 9. Rd1 Nbd7 10. a4 b4 11. Nbd2 Be7 12. e4 cxd4 13. e5 Nd5 14. Ne4 Qb8 15. Bxd5 Bxd5 16. Bf4 Bxe4 17. Qxe4 0-0 18. Bg5 Nc5 19. Qxd4 Rd8 20. Qh4 Bxg5 21. Qxg5 Nxa4 22. h4 Nxb2 23. Re1 Qb7 24. Nh2 h6 25. Qh5 Nd3 26. Re3 Qxg2+ 0-1

[Event "AUS-ch"]
[Site "Parramatta"]
[Date "2008.01.05"]
[Round "6"]
[White "Charles, Gareth"]
[Black "Morris, Michael"]
[Result "0-1"]
[WhiteElo "2180"]
[BlackElo "1985"]
[PlyCount "40"]
[EventDate "2008.01.02"]
[EventType "swiss"]
[EventRounds "11"]
[EventCountry "AUS"]
[SourceTitle "CBM 122 Extra"]
[Source "ChessBase"]
[SourceDate "2008.03.04"]
[SourceVersion "1"]
[SourceVersionDate "2008.03.04"]
[SourceQuality "1"]

1. d4 Nf6 2. Bg5 c5 3. d5 d6 4. Nc3 h6 5. Bf4 Qa5 6. Qd2 g5 7. Bg3 Nh5 8. e4 Bg7 9. Be2 Nxg3 10. hxg3 a6 11. Nh3 Qb4 12. 0-0-0 Bxh3 13. Rxh3 Nd7 14. Re1 c4 15. Nd1 Bxb2+ 16. Nxb2 c3 17. Qe3 cxb2+ 18. Kb1 Qxe1+ 19. Kxb2 Qb4+ 20. Kc1 Rc8 0-1